000 00471nam a2200181Ia 4500
008 230524s9999 xx 000 0 und d
020 _a9788120309784
082 _a5.133
_bGHO
100 _aP.K.Ghosh
245 0 _a0000 To 8085 Introduction to Microprocessor for Engineering & Scientists
250 _a2ND
260 _aNEW DELHI
_bPHI
_c2005
300 _aVII;315
500 _aQuantity Number: 122
650 _aComp-Sc
700 _a P.R.Sridhar
942 _cBK
999 _c29265
_d29265